Normal view
MARC view
Entry Personal Name
001 - CONTROL NUMBER
- control field: 21802
003 - CONTROL NUMBER IDENTIFIER
- control field: ARRUPE
005 - DATE AND TIME OF LATEST TRANSACTION
- control field: 20160126114455.0
008 - FIXED-LENGTH DATA ELEMENTS
- fixed length control field: 160126|| aca||aabn | a|a d
040 ## - CATALOGING SOURCE
- Original cataloging agency: ARRUPE
- Transcribing agency: ARRUPE
100 ## - HEADING--PERSONAL NAME
- Personal name: Rose-Innes, J.
- Fuller form of name: (James),
- Dates associated with a name: 1855-1942.
670 ## - SOURCE DATA FOUND
- Source citation: Work cat.: (ARRUPE)0: Rose-Innes, J. (James), 1855-1942., James Rose Innes :, 1949.